| 000 | 00416nam a2200181Ia 4500 | ||
|---|---|---|---|
| 001 | 1550 | ||
| 005 | 20260306143736.0 | ||
| 008 | 260306t2009||||xx |||||||||||||| ||spa|| | ||
| 041 | _aESP | ||
| 082 |
_a150.9 _bH41 |
||
| 100 |
_aHergenhahn, B.R. _eAUT |
||
| 245 | 0 | _aIntroducción a la historia de la psicología | |
| 260 | _c2009 | ||
| 300 |
_a _c |
||
| 650 | _aGEN | ||
| 654 | _aCPS | ||
| 942 |
_cLIB _dJUS _fJUS _2ddc _n |
||
| 999 |
_c1550 _d1550 |
||